Dynamical systems and control / (Record no. 176062)
[ view plain ]
| 000 -LEADER | |
|---|---|
| fixed length control field | 01086 a2200265 4500 |
| 003 - CONTROL NUMBER IDENTIFIER | |
| control field | Nust |
| 005 - DATE AND TIME OF LATEST TRANSACTION | |
| control field | 20220720094305.0 |
| 010 ## - LIBRARY OF CONGRESS CONTROL NUMBER | |
| LC control number | 2004043591 |
| 020 ## - INTERNATIONAL STANDARD BOOK NUMBER | |
| International Standard Book Number | 0415309972 (acid-free paper) |
| 040 ## - CATALOGING SOURCE | |
| Transcribing agency | Nust |
| 082 00 - DEWEY DECIMAL CLASSIFICATION NUMBER | |
| Classification number | 003.85,DYN |
| 245 00 - TITLE STATEMENT | |
| Title | Dynamical systems and control / |
| Statement of responsibility, etc. | edited by Firdaus E. Udwadia, H.I. Weber, George Leitmann. |
| 260 ## - PUBLICATION, DISTRIBUTION, ETC. | |
| Place of publication, distribution, etc. | Boca Raton : |
| Name of publisher, distributor, etc. | CRC Press, |
| Date of publication, distribution, etc. | c2004. |
| 300 ## - PHYSICAL DESCRIPTION | |
| Extent | ix, 437 p. : |
| Other physical details | ill. ; |
| Dimensions | 27 cm. |
| 440 #0 - SERIES STATEMENT/ADDED ENTRY--TITLE | |
| Title | Stability and control ; |
| Volume/sequential designation | v. 22 |
| 9 (RLIN) | 93953 |
| 505 ## - FORMATTED CONTENTS NOTE | |
| Formatted contents note | A Geometric Approach to the Mehanics of Densely Folded Media (Page-3), Optimal Round-Trip Earth-Mars Trajectories for Robotic Flight and Manned Flight (Page-109), Estimation of the Attractor for an Uncertain Epidemic Model (Page-337). |
| 650 #0 - SUBJECT ADDED ENTRY--TOPICAL TERM | |
| Topical term or geographic name entry element | Control theory. |
| 650 #0 - SUBJECT ADDED ENTRY--TOPICAL TERM | |
| Topical term or geographic name entry element | Differentiable dynamical systems. |
| 9 (RLIN) | 1713 |
| 650 #0 - SUBJECT ADDED ENTRY--TOPICAL TERM | |
| Topical term or geographic name entry element | Dynamics. |
| 700 1# - ADDED ENTRY--PERSONAL NAME | |
| Personal name | Leitmann, George. |
| 9 (RLIN) | 93954 |
| 700 1# - ADDED ENTRY--PERSONAL NAME | |
| Personal name | Udwadia, F. E. |
| 9 (RLIN) | 93955 |
| 700 1# - ADDED ENTRY--PERSONAL NAME | |
| Personal name | Weber, H. |
| 9 (RLIN) | 93956 |
| 856 42 - ELECTRONIC LOCATION AND ACCESS | |
| Materials specified | Publisher description |
| Uniform Resource Identifier | <a href="http://www.loc.gov/catdir/enhancements/fy0646/2004043591-d.html">http://www.loc.gov/catdir/enhancements/fy0646/2004043591-d.html</a> |
| 942 ## - ADDED ENTRY ELEMENTS (KOHA) | |
| Koha item type | Reference |
| Source of classification or shelving scheme | |
| Withdrawn status | Lost status | Source of classification or shelving scheme | Damaged status | Not for loan | Permanent Location | Current Location | Shelving location | Date acquired | Full call number | Barcode | Date last seen | Price effective from | Koha item type | Public note |
|---|---|---|---|---|---|---|---|---|---|---|---|---|---|---|
| Military College of Signals (MCS) | Military College of Signals (MCS) | Reference | 12/12/2016 | 003.85 DYN | MCS31738 | 12/08/2016 | 12/12/2016 | Reference | Almirah No.17 Shelf No.1 |
